000 00308nam a22001337a 4500
008 170629b xxu||||| |||| 00| 0 eng d
020 _a9780205655113
041 _aeng
080 _244 ED
_a82
100 _a22
101 _aGJL
245 _aLITERARTURE A POCKET ANTHOLOGY
_cSAMOLER.S
942 _2udc
_cBK
999 _c19673
_d19673